Entry Personal Name
Number of records used in: 1
001 - CONTROL NUMBER
003 - CONTROL NUMBER IDENTIFIER
005 - DATE AND TIME OF LATEST TRANSACTION
- control field:
20221103142458.0
008 - FIXED-LENGTH DATA ELEMENTS
- fixed length control field:
840420n| azannaabn |a aaa
010 ## - LIBRARY OF CONGRESS CONTROL NUMBER
- LC control number:
n 84014317
035 ## - SYSTEM CONTROL NUMBER
- System control number:
(OCoLC)oca01104150
040 ## - CATALOGING SOURCE
- Original cataloging agency:
DLC
- Language of cataloging:
eng
- Description conventions:
rda
- Transcribing agency:
DLC
- Modifying agency:
DLC
- Modifying agency:
OU
046 ## - SPECIAL CODED DATES
- Birth date:
1899-08-07
- Death date:
1982-08-24
- Source of date scheme:
edtf
100 1# - HEADING--PERSONAL NAME
- Personal name:
McCabe, Warren L.
- Fuller form of name:
(Warren Lee),
- Dates associated with a name:
1899-1982
370 ## - ASSOCIATED PLACE
- Place of birth:
Bay City (Mich.)
- Place of death:
Black Mountain (N.C.)
- Source of term:
naf
374 ## - OCCUPATION
- Occupation:
Chemists
- Occupation:
Engineers
- Occupation:
College teachers
- Occupation:
Authors
- Source of term:
lcsh
375 ## - GENDER
- Gender:
Males
- Source of term:
lcdgt
378 ## - FULLER FORM OF PERSONAL NAME
- Fuller form of personal name:
Warren Lee
400 1# - SEE FROM TRACING--PERSONAL NAME
- Control subfield:
nnaa
- Personal name:
McCabe, Warren Lee,
- Dates associated with a name:
1899-
400 1# - SEE FROM TRACING--PERSONAL NAME
- Personal name:
McCabe, Warren Lee,
- Dates associated with a name:
1899-1982
670 ## - SOURCE DATA FOUND
- Source citation:
His Unit operations of chem. eng., c1985:
- Information found:
CIP t.p. (Warren L. McCabe, late R.J. Reynolds Prof. of Chem. Eng., N.C. State Univ.)
670 ## - SOURCE DATA FOUND
- Source citation:
LC data base, 4-18-84
- Information found:
(hdg.: McCabe, Warren Lee, 1899- ; usage: Warren L. McCabe)
670 ## - SOURCE DATA FOUND
- Source citation:
Unit operations of chemical engineering, c2005:
- Information found:
t.p. (Warren L. McCabe; late R.J. Reynolds Professor of Chemical Engineering, North Carolina State Univ.) p. vii (1899-1982)
670 ## - SOURCE DATA FOUND
- Source citation:
Wikidata via Wikipedia, September 10, 2019
- Information found:
(instance of: human; sex or gender: male; date of death: +1982-08-24T00:00:00Z; educated at: University of Michigan; occupation: engineer, writer, chemist; given name: Warren; country of citizenship: United States of America; VIAF identifier: 39483690; date of birth: +1899-08-07T00:00:00Z; Open Library identifier: OL837523A; place of birth: Erode; place of death: Black Mountain; SNAC Ark ID (P3430): w6mf3r78; Academic Tree ID (P2381): 77294; SHARE Catalogue author ID (P3987): 15824; ISNI (P213): 0000000108899792; SELIBR: 379565; NTA identifier (Netherlands): 236306197; NLI (Israel) identifier: 000459338; NDL identifier: 001094897; NSK identifier: 000354469; GND identifier: 125978995; LCAuth identifier: n84014317; LNB identifier: 000173079; NUKAT authorities: n2009101336; National Library of Korea Identifier (P5034): KAC199635313; BNE identifier: XX1022428; BIBSYS identifier: 90666294; employer: New York University Tandon School of Engineering; Libris-URI (P5587): mkz296w558xtjtf; SUDOC authorities: 078866278; BnF identifier: 125089779; surname: McCabe; alias: McCabe, Warren Lee McCabe; description/label: Amerikaans ingenieur , chemist, Warren L. McCabe, Warren McCabe)
- Uniform Resource Identifier:
http://www.wikidata.org/entity/Q5908331